| 000 | 00548nam a22001817a 4500 | ||
|---|---|---|---|
| 005 | 20180830105436.0 | ||
| 010 | _aENG-123886 | ||
| 020 |
_c125.00 _a9788180642562 |
||
| 035 | _aEN-107418 | ||
| 037 | _bDBAD/PUB | ||
| 082 | _a881 | ||
| 100 | _aBiswas, Gobinda | ||
| 245 |
_aThe universal poems: _cby Gobinda Biswas _bworld peace: homage to mahatma gandhi / |
||
| 260 |
_c2017 _aKolkata _bProgressive Publishers |
||
| 270 |
_a37A, college street, _bKolkata _e700073 |
||
| 300 |
_c21cm.(Hb.) _a128p. |
||
| 942 |
_cEN _2ddc _mBIS _h881 |
||
| 999 |
_c156534 _d156534 |
||